Diagnostika purulentních meningitid metodou PCR

Bibliographic Details
Main Authors: Mrázek, J. (Author), Kalmusová, J. (Author), Kloudová, A. (Author), Jančová, J. (Author), Krejčí, E. (Author), Křížová, Pavla (Author)
Corporate Author: Moravské-slovenské mikrobiologické dni (Author)
Format: Conference Proceeding Article
Language:Czech
ISSN:1335-8219
Subjects:

MARC

LEADER 00000nab a2200000 a 4500
001 vtls008874798
003 SK-MaSNL
005 20260303223737.0
008 141122c xo 0 cze
015 |a SNBCL2005/5 
035 |a SLK035226 
040 |a SLKCL  |b slo  |c SNKBUCL  |e AACR2 
041 1 |a cze 
044 |a xo  |c SK 
080 |a 616.831.9-002:061.3  |2 1981 
245 0 0 |a Diagnostika purulentních meningitid metodou PCR  |c J. Mrázek ... [et al.] 
650 0 7 |a bakteriálna meningitída  |2 MESH  |9 167926 
650 0 7 |a diagnostika (medicína)  |2 MESH  |9 28740 
650 0 7 |a polymerázová reťazová reakcia  |2 MESH  |9 70049 
650 0 7 |a Neisseria meningitidis  |2 MESH  |9 1258631 
650 0 7 |a Streptococcus pneumoniae  |2 MESH  |9 477767 
650 0 7 |a Listeria monocytogenes  |2 MESH  |9 707370 
650 0 7 |a abstrakty z kongresu  |2 MESH  |9 168204 
700 1 |a Mrázek, J.  |4 aut  |9 269953 
700 1 |a Kalmusová, J.  |4 aut  |9 1258632 
700 1 |a Kloudová, A.  |4 aut  |9 1133643 
700 1 |a Jančová, J.  |4 aut  |9 1258633 
700 1 |a Krejčí, E.  |4 aut  |9 975868 
700 1 |a Křížová, Pavla  |4 aut  |9 1130167 
711 1 |a Moravské-slovenské mikrobiologické dni  |n (13. :  |d 2005 :  |c Olomouc, Česko)  |4 aut  |9 1055245 
773 0 |t Správy klinickej mikrobiológie  |g Roč. 5, č. SB/2005, s. 78  |x 1335-8219 
850 |a Slovenská lekárska knižnica v Bratislave  |a BA006 
852 |a BA006  |b KIS3GCP  |b 000500000 
999 |c 2249201  |d 2251131